Futsal-Liigan joukkueet: logovisa - Statistics

Yleistilastot
  • Tätä visaa on pelattu 18 kertaa
  • Keskiarvotulos 12 / 21
Vastaustilastot
Kuvavisa Vastaus % Oikein
Tampereen Ilves
100%
Helsingin IFK
93%
Akaa Futsal
80%
Raision Futis
80%
FC Kemi
67%
FC Sport Vaasa
67%
Kampuksen Dynamo
67%
Mad Max
67%
Turun Pallokerho
67%
Vieska Futsal
67%
FTK Tornio
60%
Golden Futsal Team
60%
Liikunnan Riemu
60%
Someron Voima
60%
FC Nokia
47%
Tornion Palloveikot
47%
FC Seinäjoki
40%
Vehmaisten Urheilijat
40%
Pirkkalan Jalkapalloklubi
33%
Esbo Bollklubb
27%
Porrassalmen Urheilijat -62
13%
Ehtoja vastaavia visoja ei löytynyt
Tulosjakauma
Jokaisen tuloksen saaneiden osuus
Persentiili vastausten määrän mukaan
Tuloshistoriasi
Et ole pelannut tätä visaa